Szociális munkások megítélése az egészségügyben

Elmentve itt :
Bibliográfiai részletek
Szerző: Bakó Nóra
További közreműködők: Piczil Márta (Témavezető)
Dokumentumtípus: Szakdolgozat
Megjelent: 2018
Tárgyszavak:
Online Access:http://diploma.bibl.u-szeged.hu/94331
LEADER 00706nta a2200193 i 4500
001 dipl94331
005 20201119134928.0
008 201119s2018 hu om 0|| zxx d
040 |a SZTE Diploma Repozitórium  |b hun 
041 |a zxx 
100 1 |a Bakó Nóra 
245 1 0 |a Szociális munkások megítélése az egészségügyben  |h [elektronikus dokumentum] /  |c Nóra Bakó 
246 1 0 |a The Evaluation of Health Social Workers  |h [elektronikus dokumentum] 
260 |c 2018 
650 4 |a Orvos- és egészségtudományok 
650 4 |a Medical and health sciences 
650 4 |a Health sciences 
700 1 |a Piczil Márta  |e ths 
856 4 0 |u http://diploma.bibl.u-szeged.hu/id/eprint/94331/1/2018_2495.pdf  |z Dokumentum-elérés